Tratado de ciencia de la hacienda pública (Registro nro. 308819)
[ vista simple ]
| 000 -ENCABEZADO | |
|---|---|
| Número de control [NR] | 01715nam a2200241Ia 4500 |
| 005 - FECHA Y HORA DE LA ÚLTIMA TRANSACCIÓN | |
| control field | 20171127155801.0 |
| 008 - DE LONGITUD FIJA DE DATOS DE ELEMENTOS - INFORMACIÓN GENERAL | |
| Elementos de longitud fija [NR] | 130821s1930 ck fr 1 spa |
| 040 ## - FUENTE DE CATALOGACION [NR] | |
| Agencia de catalogación original [NR] | Co-BoUCM |
| Idioma de catalogación [NR] | spa |
| Quien Cataloga | Sandra Yazo |
| Quien Clasifica | Sandra Yazo |
| 041 ## - CODIGO DE IDIOMA [R] | |
| Código de idioma para texto/pista de sonido o título separado [R] | Español |
| 082 04 - NUMERO DE CLASIFICACION DECIMAL DEWEY [R] | |
| Número de clasificación [R] | 336 |
| Número de la edición [NR] | 20 |
| 092 ## - SIGNATURA TOPOGRAFICA LOCAL | |
| Número de clasificación local | E44N068 |
| 100 1# - ASIENTO PRINCIPAL--NOMBRE PERSONAL [NR] | |
| Nombre personal [NR] | Jaramillo, Esteban |
| Fechas asociadas con el nombre [NR] | 1874-1947 |
| ID Autoridad | 61107 |
| 245 10 - MENCION DE TITULO [NR] | |
| Título [NR] | Tratado de ciencia de la hacienda pública |
| Mención de responsabilidad, etc. [NR] | Esteban Jaramillo |
| 260 ## - PUBLICACION, DISTRIBUCION, ETC. (PIE DE IMPRENTA) [R] | |
| Lugar de publicación, distribución, etc. [R] | Bogotá (Colombia) |
| Nombre del editor, distribuidor, etc. [R] | Minerva |
| Fecha de publicación, distribución, etc. [R] | 1930 |
| 300 ## - DESCRIPCION FISICA [R] | |
| Extensión [R] | 660 páginas |
| Dimensiones [R] | 23 x 17 cm. |
| 500 ## - NOTA GENERAL [R] | |
| Nota general [NR] | Detalles físicos: Encuadernación rígida, en cartón forrado en tela encolada. Guardas. Sin portada. Texto impreso en una sola columna, con diferentes tipos y tamaños de letra. Ejemplar en regular estado de conservación, tapa delantera desprendida; lomo deteriorado. Hojas al inicio rasgadas, papel con manchas de humedad. Datos de publicación confirmado con los prólogos |
| 504 ## - NOTA DE BIBLIOGRAFIA, ETC. [R] | |
| Nota de bibliografía, etc. [NR] | Incluye referencias bibliográficas e índices |
| 505 2# - NOTA DE CONTENIDO CON FORMATO PREESTABLECIDO [R] | |
| Nota de contenido con formato preestablecido [NR] | Prólogo a la Primera y Segunda edición Definición y nociones generales ; La literatura fiscal ; División de la ciencia fiscal ; Gastos públicos ; Ingresos públicos ; División: Ingresos de derecho privado y de derecho público ; Impuestos: división, requisitos, clases ; Progreso fiscal ; Sistemas utópicos de impuestos ; Impuestos de aplicación práctica ; Impuestos indirectos ; Impuestos sobre transacciones, sucesiones y donaciones ; Impuesto sobre la renta ; Renta gravable y tasación del impuesto ; Impuestos especiales ; Ingresos extraordinarios |
| 506 ## - NOTA DE RESTRICCIONES DE ACCESO [R] | |
| Condiciones de acceso [NR] | Consulta en sala |
| 650 #7 - ASIENTO SECUNDARIO DE MATERIA - TERMINO TEMATICO [R] | |
| Término temático o nombre geográfico como elemento de entrada [NR] | Hacienda pública |
| Subdivisión geográfica [R] | Colombia |
| 9 (RLIN) | 16682 |
| 650 #7 - ASIENTO SECUNDARIO DE MATERIA - TERMINO TEMATICO [R] | |
| Término temático o nombre geográfico como elemento de entrada [NR] | Hacienda pública |
| Subdivisión general [R] | Enseñanza |
| 9 (RLIN) | 89542 |
| 942 ## - ELEMENTOS DE ENTRADA AGREGADOS (KOHA) | |
| Tipo de ítem principal el descrito en 300a | Libro |
| Edición | 3 |
| Título oculto en OPAC | No |
| Sistema de clasificación | LOCAL |
| Clasificación | E44N068 |
| Suprimido | Perdido | Sistema de clasificación | Dañado | No prestable | Tipo de ítem específico | Ubicación habitual | Ubicación actual | Localización | Fecha de creación | Forma de adquisición | Costo | Total préstamos | Signatura topográfica | Código de barras | Última vez visto | Ejemplar | Price effective from | Tipo de ítem |
|---|---|---|---|---|---|---|---|---|---|---|---|---|---|---|---|---|---|---|
| LOCAL | Libro archivo | Archivo Histórico | Archivo Histórico | Archivo histórico | 27/11/2017 | Donación | 0.00 | E44N068 | L006392 | 27/11/2017 | Ej.1 | 27/11/2017 | Libro |